| 000 | 01404nam a2200349 a 4500 | ||
|---|---|---|---|
| 001 | vtls000940291 | ||
| 003 | NLI | ||
| 005 | 20210627091234.0 | ||
| 008 | 111025s2008 xxkda g 001 0 eng d | ||
| 020 |
_a9780521873017 _c£72.00 |
||
| 039 | 9 |
_a201110251918 _bmrinalkb _y201110251916 _zmrinalkb |
|
| 040 |
_aNLI _beng |
||
| 041 | 0 | _aeng | |
| 044 | _axxk | ||
| 082 | 0 |
_a303.4834 _222 |
|
| 245 | 0 | 0 |
_aPsychological aspects of cyberspace : _btheory, research, applications/ _cedited by Azy Barak |
| 260 |
_aCambridge : _bThe University Press, _c2008 |
||
| 300 |
_axx, 298 p. : _bill.; _c27 cm. |
||
| 500 | _aThis book is accompanied by a dynamic website (link http://www. cambridge. org./barak) in which the chapter contributors publish further ideas and additional information. Readers may ask questions and write comments to which authors respond. | ||
| 504 | _aIncludes bibliographical references and index | ||
| 650 | 0 |
_aCyberspace _xPsychological aspects _9884963 |
|
| 650 | 0 |
_aInternet users _xPsychology _9884964 |
|
| 700 | 1 | 2 |
_aBarak, Azy, _4edt _9884965 |
| 887 | _amrinal | ||
| 901 |
_a565586 : _b31.5.2011 |
||
| 902 | _aE/O 303.4834 P 959 | ||
| 904 | _amrinal | ||
| 949 |
_AVIRTUAITEM _D10000 _X100 _6PUR000565586ENG |
||
| 942 |
_2ddc _cBKS |
||
| 999 |
_aVIRTUA40 _c763555 _d763555 |
||
| 999 | _aVTLSSORT0080*0200*0400*0410*0440*0820*2450*2600*3000*5000*5040*6500*6501*7000*8520*9010*9020*9040*9992 | ||